Textbook of medicine

Bibliographic Details
Main Author: Hossain
Format: Book
Published: New Delhi : A.I.T.B.S. Pub. , 2009
Edition:Latest ed
Subjects:

MARC

LEADER 00000cam a2200000 7i4500
001 0000038961
005 20131203.0
008 131203
020 |a 8174731733 
090 0 0 |a 616   |b HOS 
100 1 |a Hossain 
245 1 0 |a Textbook of medicine   |c A.S.M.T Hossain& L. C. Gupta 
250 |a Latest ed 
260 |a New Delhi :   |b A.I.T.B.S. Pub. ,   |c 2009 
650 0 |a Medicine   |x Textbook 
999 |a 0001257118   |b Book   |c Adult Collection   |e Perbadanan Perpustakaan Awam Johor